Review Far Eastern economic review.

The journal's web site includes a list of hypertext links to Asia's best web sites; a broadcast schedule of the journal's television program; an investment advice page; and a list of information on travel in Asia.

Bibliographic Details
Format: Electronic Journal
Language:English
Published: Causeway Bay, Hong Kong : Far Eastern Economic Review
Edition:Interactive ed.
Subjects:
Online Access:Full text available from Research Library: 10/15/1987 to 08/31/1994
Full text available from Research Library: 12/19/1997 to 12/31/2009

MARC

LEADER 00000nas a2200000 a 4500
001 ssj0002358
003 WaSeSS
005 20200512172242.0
006 m d
007 cr n
008 961217c19uu9999cc wr pss 0 0eng c
010 |a sn 98053050  
022 |y 0014-7591 
035 |a (WaSeSS)ssj0002358 
040 |a UOK  |b eng  |c UOK  |d HUL  |d OCLCQ  |d IUL  |d OCLCQ  |d OCLCF  |d OCLCO  |d OCLCQ  |d NTG  |d WaSeSS 
042 |a pcc 
043 |a ae----- 
130 0 |a Review (Causeway Bay, Hong Kong, China) 
245 1 0 |a Review  |h [electronic resource] :  |b Far Eastern economic review. 
246 3 0 |a Far Eastern economic review 
250 |a Interactive ed. 
260 |a Causeway Bay, Hong Kong :  |b Far Eastern Economic Review 
310 |a Weekly 
500 |a Abridged version of the print ed. 
506 |a License restrictions may limit access. 
515 |a Only most recent issue viewable in issue format; site contains also searchable archive of articles from issues for <June 1996-> 
520 |a The journal's web site includes a list of hypertext links to Asia's best web sites; a broadcast schedule of the journal's television program; an investment advice page; and a list of information on travel in Asia. 
538 |a Mode of access: World Wide Web. 
588 |a Description based on: Vol: 161, no: 32 (Aug. 6, 1998); title from contents screen (viewed Aug. 3, 1998). 
650 7 |a Economic history.  |2 fast  |0 (OCoLC)fst00901974 
651 0 |a East Asia  |x Economic conditions  |v Periodicals. 
651 7 |a East Asia.  |2 fast  |0 (OCoLC)fst01243628 
655 0 |a Electronic journals. 
776 1 |t Far Eastern economic review  |x 0014-7591  |w (DLC) 51033412  |w (OCoLC)1568821 
856 4 0 |z Full text available from Research Library: 10/15/1987 to 08/31/1994  |u https://search.proquest.com/publication/34762 
856 4 0 |z Full text available from Research Library: 12/19/1997 to 12/31/2009  |u https://search.proquest.com/publication/34762